An english book : for industrial schools, book iii /

Guardado en:
Autor Principal: Paris, Orfilia Esther
Formato: Libro
Publicado: Buenos Aires : Cesarini, 1971
Edición:6
Materias:
Etiquetas: Agregar Etiqueta
Sin Etiquetas, Sea el primero en etiquetar este registro!
LEADER 01379nam a22003015a 4500
001 CEM.cems004892
005 20060217000000.0
008 130507s1971##################000#0#####d
003 CEMS
082 0 4 |a 428.64 
100 1 |a Paris, Orfilia Esther 
245 1 0 |a An english book :  |b for industrial schools, book iii / 
250 |a 6 
260 |a Buenos Aires :  |b Cesarini,  |c 1971 
300 |a 160 
653 |a Ingles 
859 |a CEMS  |b BIB. CEMS - 11 de abril  |h 428.64  |i P218a6/III  |p 12656.83  |t Ej.1 
859 |a CEMS  |b BIB. CEMS - 11 de abril  |h 428.64  |i P218a6/III  |p 12657.83  |t Ej.2 
859 |a CEMS  |b BIB. CEMS - 11 de abril  |h 428.64  |i P218a6/III  |p 12658.83  |t Ej.3 
859 |a CEMS  |b BIB. CEMS - 11 de abril  |h 428.64  |i P218a6/III  |p 12659.83  |t Ej.4 
859 |a CEMS  |b BIB. CEMS - 11 de abril  |h 428.64  |i P218a6/III  |p 12660.83  |t Ej.5 
859 |a CEMS  |b BIB. CEMS - 11 de abril  |h 428.64  |i P218a6/III  |p 12661.83  |t Ej.6 
859 |a CEMS  |b BIB. CEMS - 11 de abril  |h 428.64  |i P218a6/III  |p 12662.83  |t Ej.7 
859 |a CEMS  |b BIB. CEMS - 11 de abril  |h 428.64  |i P218a6/III  |p 12663.83  |t Ej.8 
859 |a CEMS  |b BIB. CEMS - 11 de abril  |h 428.64  |i P218a6/III  |p 12664.83  |t Ej.9 
859 |a CEMS  |b BIB. CEMS - 11 de abril  |h 428.64  |i P218a6/III  |p 12665.83  |t Ej.10 
859 |a CEMS  |b BIB. CEMS - 11 de abril  |h 428.64  |i P218a6/III  |p 12666.83  |t Ej.11 
859 |a CEMS  |b BIB. CEMS - 11 de abril  |h 428.64  |i P218a6/III  |p 12667.83  |t Ej.12